James Monroe
Uloženo v:
| Hlavní autor: | |
|---|---|
| Médium: | Kniha |
| Jazyk: | španělština |
| Vydáno: |
Buenos Aires
Bell
1957
|
| Témata: | |
| Tagy: |
Přidat tag
Žádné tagy, Buďte první, kdo vytvoří štítek k tomuto záznamu!
|
MARC
| LEADER | 00000nam a2200000 a 4500 | ||
|---|---|---|---|
| 001 | UCS2220 | ||
| 003 | CL-VaPUC | ||
| 008 | 970523e19570000AG |||||||||||||||||spa|d | ||
| 082 | 0 | 4 | |a 923.2 |b CRE |2 21 |
| 100 | 0 | |a Cresson, W. P |e author |9 387382 | |
| 245 | 1 | 0 | |a James Monroe |
| 300 | |a 542 p | ||
| 942 | |c BK | ||
| 945 | |d 19970523 00:00:00 |a paguirre | ||
| 260 | |a Buenos Aires |b Bell |c 1957 | ||
| 600 | 0 | |a Monroe, James, |c Presidente de Estados Unidos, |d 1758-1831 |9 377724 | |
| 650 | 0 | |a Biografías |9 255210 | |
| 650 | 0 | |a Ciencias Políticas |9 255201 | |
| 650 | 0 | |a Políticos |9 256302 | |
| 650 | 0 | |a Doctrinas políticas |9 255835 | |
| 651 | 0 | |a Estados Unidos |9 255178 | |
| 583 | |a last modification |c 19970523 00:00:00 |k Rodrigo Vera | ||
| 999 | |c 260198 |d 260196 | ||
| 952 | |0 0 |1 0 |4 0 |6 923_200000000000000_CRE_1957 |7 0 |8 P |9 286098 |a BIBDER |b BIBDER |d 2019-11-19 |i 1859706 |o 923.2 CRE 1957 |p 1859706 |r 2023-01-25 |w 2019-11-19 |y BK |k DER | ||